000
00296nam a2200121Ia 4500
005
20251222141849.0
008
251222s9999||||xx |||||||||||||| ||spa||
082
_a
657.2/L69
100
_a
Lizonde B., Amador
245
0
_a
Casos Prácticos de Asientos Contables:
264
_b
EDILSA
942
_c
LIB
999
_c
7660
_d
7660